| 000 | 00348 a2200157 4500 | ||
|---|---|---|---|
| 001 | 181948 | ||
| 020 | _a | ||
| 040 | _cMagnum | ||
| 100 | _aBueno, Maria Celia | ||
| 240 | 1 | 0 |
_aNo telhado onde dorme o gato _lpor |
| 245 | 1 | 0 | _aNo telhado onde dorme o gato |
| 362 | 0 | _a1899 | |
| 440 | 1 | _aAlphabeto | |
| 697 | _aMAGNITO: I/ANIMAIS | ||
| 942 | _cBK | ||
| 999 |
_c181948 _d181948 |
||